书目信息 |
| 题名: |
五笔字型基础与案例教程
|
|
| 作者: | 王璞 编 | |
| 分册: | ||
| 出版信息: | 西安 西北工业大学出版社 2009.08 |
|
| 页数: | 120页 | |
| 开本: | 26cm | |
| 丛书名: | 计算机基础与案例系列教材 | |
| 单 册: | ||
| 中图分类: | TP391.14 | |
| 科图分类: | ||
| 主题词: | 汉字编码--han zi bian ma--五笔字型--教材 | |
| 电子资源: | ||
| ISBN: | 978-7-5612-2615-5 | |
| 000 | 00921nam 2200253 450 | |
| 001 | 012009590550 | |
| 005 | 20100411194116.40 | |
| 010 | @a978-7-5612-2615-5@dCNY14.00 | |
| 100 | @a20100411d2009 em y0chiy0120 ea | |
| 101 | 0 | @achi |
| 102 | @aCN@b610000 | |
| 105 | @aa z 000yy | |
| 106 | @ar | |
| 200 | 1 | @a五笔字型基础与案例教程@Awu bi zi xing ji chu yu an li jiao cheng@f王璞编@Fwang pu bian |
| 210 | @a西安@c西北工业大学出版社@d2009.08 | |
| 215 | @a120页@c图@d26cm | |
| 225 | 2 | @a计算机基础与案例系列教材@Aji suan ji ji chu yu an li xi lie jiao cai |
| 330 | @a本书主要内容:Windows XP的基础与键盘的使用、认识五笔字型输入法、五笔字型输入法基础、使用五笔字型输入法输入汉字等。 | |
| 410 | 0 | @12001 @a计算机基础与案例系列教材 |
| 606 | 0 | @a汉字编码@Ahan zi bian ma@x五笔字型@j教材 |
| 690 | @aTP391.14@v4 | |
| 701 | 0 | @a王璞@Awang pu@4编 |
| 801 | 0 | @aCN@bQSSK@c20100411 |
| 905 | @b777036-38@dTP391.14@eW308@f3 | |
| 五笔字型基础与案例教程/王璞编.-西安:西北工业大学出版社,2009.08 |
| 120页:图;26cm.-(计算机基础与案例系列教材) |
| ISBN 978-7-5612-2615-5:CNY14.00 |
| 本书主要内容:Windows XP的基础与键盘的使用、认识五笔字型输入法、五笔字型输入法基础、使用五笔字型输入法输入汉字等。 |
| ● |
| 相关链接 |
|
|
|
正题名:五笔字型基础与案例教程
索取号:TP391.14/W308
 
预约/预借
| 序号 | 登录号 | 条形码 | 馆藏地/架位号 | 状态 | 备注 |
| 1 | 777036 | 207770367 | 自科二线404/301自科库 61排7列4层/ [索取号:TP391.14/W308] | 在馆 | |
| 2 | 777037 | 207770376 | 自科库301/301自科库 65排3列5层/ [索取号:TP391.14/W308] | 在馆 | |
| 3 | 777038 | 207770385 | 自科库301/301自科库 65排3列5层/ [索取号:TP391.14/W308] | 在馆 |